000 00582 a2200217 4500
003 43695
005 20251013151733.0
008 251013b |||||||| |||| 00| 0 eng d
022 _a2408-4956
040 _cNile University of Nigeria. Abuja.
_erda
050 _a K60 .N5
082 _a K60 .N5
245 _aNIALS JOURNAL OF BUSINESS LAW
250 _aVol.3, 335pg., 25 cm, 2018
260 _aAbuja
_bNials Press
_c2018
264 _aAbuja
_bNials Press
_c2018
300 _bxii, 335pg., 25 cm, 2018
336 _2rdacontent
338 _2rdacarrier
942 _2lcc
_cSERIAL
999 _c43740
_d43740